000 01020nam a22002537a 4500
005 20180406134640.0
010 _aENG-103935 B-459189-203 B-690740-741
020 _a9788178441122
_c695.00
035 _aEN-87468 B-459189-203
035 _aB-690740-741
037 _bDBAD/PUB
037 _bAllied Pub/Ven
082 _a920
100 _aRavi Ranjan
245 0 0 _aPt. Jawaharlal Nehru /
_cby Ravi Ranjan [and] M.K. Singh
260 _aNew Delhi
_bK.K. Publications
_c2011
270 _a4806/24, Bharat Ram Road, Darya Ganj
_bNew Delhi
_e110002
300 _a304p.
_c23cm (Hb)
500 _aIncludes bibliographical references and index.
700 1 _935434
_aSingh, M.K.
942 _2ddc
_cEN
_h920
_mNEH
999 _c57489
_d57489